00489 a2200109 4500001001000000005001700010008004100027245020200068100002200270773007000292999001700362ART_5884820260410161610.0260409a 10aAlgunas diferencias y similitudes entre la Norma Unificada Argentina de Contabilidad (NUA) y las Normas Internacionales de Información Financiera (NIIF). Medición posterior de activos y pasivos1 aZgaib, Alfredo O.0 tProfesional & Empresariag- Año XXV, Nº 286 (jul. 2023)wREV70 c10579d10579